Catálogo público

Possibilities for the economic reorganization of minifundia in a highland region of Colombia (Record no. 25067)

MARC details
000 -CABECERA
campo de control de longitud fija 00981nam a22003017a 4500
003 - IDENTIFICADOR DEL NÚMERO DE CONTROL
campo de control CHAP
005 - FECHA Y HORA DE LA ÚLTIMA TRANSACCIÓN
campo de control 20220329134734.0
008 - DATOS DE LONGITUD FIJA--INFORMACIÓN GENERAL
campo de control de longitud fija 971013s1971 r 00010 d
010 ## - NÚMERO DE CONTROL DE LA BIBLIOTECA DEL CONGRESO
Número de control de LC 25067
011 ## - ENLACE DEL NUMERO DE CONTROL DE LA BIBLIOTECA DEL CONGRESO [OBSOLETO]
Número de control de LC 26039
035 ## - NÚMERO DE CONTROL DEL SISTEMA
Número de control de sistema 30139
040 ## - FUENTE DE LA CATALOGACIÓN
Centro/agencia transcriptor CHAP
082 ## - NÚMERO DE LA CLASIFICACIÓN DECIMAL DEWEY
Número de clasificación 333.09861
Número de documento/Ítem H3
100 00 - ENTRADA PRINCIPAL--NOMBRE DE PERSONA
Nombre de persona Haney, Emil B., Jr.
9 (RLIN) 52522
245 ## - MENCIÓN DE TÍTULO
Título Possibilities for the economic reorganization of minifundia in a highland region of Colombia
260 ## - PUBLICACIÓN, DISTRIBUCIÓN, ETC.
Lugar de publicación, distribución, etc. Madison, Wis. :
Nombre del editor, distribuidor, etc. Land Tenure Center,
Fecha de publicación, distribución, etc. 1971
300 ## - DESCRIPCIÓN FÍSICA
Extensión 143 p.
490 ## - MENCIÓN DE SERIE
Mención de serie Research paper
Designación de volumen o secuencia ; 43
590 ## - NOTA LOCAL (RLIN)
Nota local BATCH-UPD
Procedencia (VM) [OBSOLETO] 10
Condición del los carretes individuales (VM) [OBSOLETO] 20130110
-- UCH01
-- 0021
590 ## - NOTA LOCAL (RLIN)
Nota local BATCH-UPD
Procedencia (VM) [OBSOLETO] 10
Condición del los carretes individuales (VM) [OBSOLETO] 20130110
-- UCH01
-- 2232
590 ## - NOTA LOCAL (RLIN)
Nota local CONVERSION
Procedencia (VM) [OBSOLETO] 10
Condición del los carretes individuales (VM) [OBSOLETO] 20130109
-- UCH01
-- 1315
650 14 - PUNTO DE ACCESO ADICIONAL DE MATERIA--TÉRMINO DE MATERIA
Término de materia o nombre geográfico como elemento de entrada Tierras
Subdivisión general Tenencia
-- Colombia.
9 (RLIN) 113153
830 0# - PUNTO DE ACCESO ADICIONAL DE SERIE-TÍTULO UNIFORME
Título uniforme Research paper
Designación de volumen o secuencia ; 43
9 (RLIN) 96073
901 ## - ELEMENTOS DE DATOS A LOCAL LDA (RLIN)
a BK
942 ## - ELEMENTOS DE PUNTO DE ACCESO ADICIONAL (KOHA)
Tipo de ítem Koha Libro
949 ## - PROCESAMIENTO DE INFORMACIÓN LOCAL (OCLC)
a 333.09861 H3
b BC
c BPA
d -69654
e BPA
h 34464
i 30139
s i
949 ## - PROCESAMIENTO DE INFORMACIÓN LOCAL (OCLC)
a 333.09861 H3
b BC
c BPA
d -69655
e BPA
f c.2
h 34465
i 30139
s i
Holdings
Estado de retiro Estado de pérdida Estado dañado Restricciones de uso No para préstamo Código de colección Localización permanente Ubicación/localización actual Fecha de adquisición Información codificada de la localización en otra ubicación Número de inventario Total de préstamos Signatura topográfica completa Código de barras Fecha visto por última vez Precio válido a partir de Tipo de ítem Koha Número de copia
Material descartado     Préstamo 3 días   Material descartado Biblioteca Central Biblioteca Central 31/12/2019 LIBRO 127   333.09861 H3 -69654 31/12/2019 31/12/2019 Libro  
Material descartado     Préstamo 3 días   Material descartado Biblioteca Central Biblioteca Central 31/12/2019 LIBRO 127   333.09861 H3 -69655 31/12/2019 31/12/2019 Libro c.2